Central Library OPAC University of Rajshahi

Handbook of psychotherapy and behavior change : (Record no. 28469)

MARC details
000 -LEADER
fixed length control field 01162nam a2200337 i 4500
001 - CONTROL NUMBER
control field 28469
003 - CONTROL NUMBER IDENTIFIER
rucl marc code BD-RjUL
005 - DATE AND TIME OF LATEST TRANSACTION
control field 20211209051304.0
008 - FIXED-LENGTH DATA ELEMENTS--GENERAL INFORMATION
fixed length control field 140330s1978 nyua b 001 0 eng
020 ## - INTERNATIONAL STANDARD BOOK NUMBER
International Standard Book Number 0471291781
035 ## - SYSTEM CONTROL NUMBER
System control number (BD-RjUL)28550
040 ## - CATALOGING SOURCE
Original cataloging agency DLC
Transcribing agency DLC
Modifying agency DLC
-- BD-RjUL
Language of cataloging eng
041 ## - LANGUAGE CODE
Language code of text/sound track or separate title eng
082 00 - DEWEY DECIMAL CLASSIFICATION NUMBER
Classification number 616.8914
Author mark and year HAN 1978
245 00 - TITLE STATEMENT
Title Handbook of psychotherapy and behavior change :
Remainder of title an empirical analysis /
Statement of responsibility, etc. Sol L. Garfield and Allen E. Bergin, editors.
250 ## - EDITION STATEMENT
Edition statement 2d ed.
260 ## - PUBLICATION, DISTRIBUTION, ETC. (IMPRINT)
Place of publication, distribution, etc. New York :
Name of publisher, distributor, etc. Wiley,
Date of publication, distribution, etc. c1978.
300 ## - PHYSICAL DESCRIPTION
Pagination xvi, 1024 p. :
Illustrations ill. ;
Size 26 cm.
500 ## - GENERAL NOTE
General note First ed. (1971) edited by A. E. Bergin and S. L. Garfield.
504 ## - BIBLIOGRAPHY, ETC. NOTE
Bibliography, etc Includes bibliographies and indexes.
650 #0 - SUBJECT ADDED ENTRY--TOPICAL TERM
Topical term or geographic name as entry element Psychotherapy.
9 (RLIN) 87181
Topical term or geographic name as entry element Behavior therapy.
9 (RLIN) 87182
Topical term or geographic name as entry element Behavior therapy.
9 (RLIN) 87183
Topical term or geographic name as entry element Psychotherapy.
9 (RLIN) 87184
700 1# - ADDED ENTRY--PERSONAL NAME
Personal name Garfield, Sol L.
Fuller form of name (Sol Louis),
Dates associated with a name 1918-2004.
Personal name Bergin, Allen E.,
Dates associated with a name 1934-
Personal name Bergin, Allen E.,
Dates associated with a name 1934-
942 ## - ADDED ENTRY ELEMENTS (KOHA)
Source of classification or shelving scheme Dewey Decimal Classification
Koha item type Books
Holdings
Lost status Source of classification or shelving scheme Damaged status Not for loan Collection code Permanent Location Current Location Shelving location Date acquired Source of acquisition Cost, normal purchase price Total Checkouts Full call number Date last seen Copy number Koha item type
  Dewey Decimal Classification   Added to bundle Non-fiction Central Library, University of Rajshahi Central Library, University of Rajshahi Reading Room 16/10/1984 Tulip enterprize, Dhaka. 74.75   616.8914 HAN 1978 30/03/2014 C-1 Books
  Dewey Decimal Classification     Non-fiction Central Library, University of Rajshahi Central Library, University of Rajshahi   16/10/1984 Tappom-Tulip 74.75   616.8914 HAN 1978 13/11/2016 C-2 Books